000 00800nas a2200265 4500
001 BR9206476
003 BR-BrBNA
005 20231205092927.0
007 ta
008 230509b bl.|||p| |||| 00| 00por d
040 _aBR-BrBNA
_bpor
_cBiblioteca Nacional de Agricultura
041 _a(Pt)
072 _aL50
100 1 _aMoretti, A. de S.
100 1 _aMosatti, N.
100 1 _aBarbosa, A.S.
100 1 _aSampaio, I.B.M.
245 1 _aCortes da carcaca de suinos puros e mesticos
650 _aSUÍNO
650 _aCARCACA
650 _aANALISE QUIMICA
773 0 _tArquivos da Escola de Veterinaria da Universidade Federal de Minas Gerais (Brazil)
_xISSN 0365-8384
_g(Dec 1982), v. 34(3) p. 599-605
_wBR9206476
909 _a202311
_bLúcia
_c55
_dLúcia Elande
942 _2AGRIS
_n0
_cANA
999 _c135161
_d135161